| 000 | 00876 a2200217 4500 | ||
|---|---|---|---|
| 001 | 125 | ||
| 005 | 20260407155413.0 | ||
| 008 | 260407a1999 arg spa d | ||
| 003 | AR-UNSa-BCEJYS | ||
| 040 |
_aAR-UNSa-BCEJYS _bspa _cAR-UNSa-BCEJYS |
||
| 080 |
_a658.012.4 _xGestión. Dirección. Autoridad. Técnicas y métodos de gestión (gestión del conocimiento, Outsourcing, Benchmarking...) |
||
| 245 | 1 | 0 | _aDrucker esencial |
| 020 | _a978-987-9169-36-0 | ||
| 264 | 1 |
_aBuenos Aires : _bCoyuntura _c1999 |
|
| 300 |
_a78 p. _c22 cm |
||
| 505 | _a1. La proxima revolución de la información - 2. Hacia la nueva organización - 3. Los nuevos paradigmas del Management - 4. Lectura recomendadas | ||
| 942 | _cBK | ||
| 590 | _aniveau_biblio:m niveau_hierar:0 | ||
| 100 | 1 | _aMercado | |
| 856 | 4 | 1 |
_uhttps://170.210.207.44/pmb/images/libros/L116203.jpg _yImagen de portada _qimage/jpeg |
| 999 |
_c96 _d96 |
||